000 00612nam a2200241Ia 4500
003 OSt
005 20221005131145.0
006 a|||||r|||| 00| 0
007 ta
008 221004b |||||||| |||| 00| 0 mal d
024 _a55905
037 _cTextual
040 _aCRL
_cCRL
_bmal
041 _2mal
_amal
082 _aO32,1NKL,1, H7
100 _aKuntila Kshmiamma Au.
_9639173
245 0 _aShakuntala
260 _c1947
300 _a56p.
_ccm.
650 _aMALAYALAM POETRY
_9185636
942 _hO32,1NKL,1, H7
_cTEXL
_2cc
999 _c1059497
_d1059497